Loading...
Romance /
| Main Author: | |
|---|---|
| Language: | Undetermined |
| LEADER | 00323nam a2200109Ia 4500 | ||
|---|---|---|---|
| 001 | 40702 | ||
| 008 | 170722s9999 xx 000 0 und d | ||
| 100 | |a Conrad, Joseph | ||
| 245 | |a Romance / | ||
| 942 | |c GEN | ||
| 999 | |c 55826 |d 55826 | ||
| 952 | |0 1 |1 0 |4 0 |6 O_3M57R0_H9 |7 0 |9 79756 |a LIB |b LIB |d 2017-08-12 |o O-,3M57,R0 H9 |p 78831 |r 2017-08-12 |w 2017-08-12 |y GEN | ||